000 00215nam a22000857a 4500
008 170121b xxu||||| |||| 00| 0 eng d
100 _92522
_aKundra.D.N.
245 _aSocial Science-IX
260 _aNew Delhi
_bDhanpat
_c2015
999 _c5606
_d5606